Southville International School and Colleges
Your cart is empty.
  • Cart
  • Lists
    Public lists Eva Luna New books Lux_list list_1
    Your lists Log in to create your own lists
  • Log in to your account
  • Your cookies
  • Search history
Southville International School and Colleges
  • Advanced search
  • Recent comments
  • Most popular
  • Libraries

Log in to your account

Log in with GOOGLE


If you do not have an external account, but do have a local account, you can still log in:

  1. Home
  2. MARC view: The transformation of Western fashion from post-world war II to the present /
Normal view MARC view ISBD view

The transformation of Western fashion from post-world war II to the present / (Record no. 98433)

[ view plain ]
MARC details
000 -LEADER
fixed length control field 00839nam a2200205 a 4500
003 - CONTROL NUMBER IDENTIFIER
control field 0
005 - DATE AND TIME OF LATEST TRANSACTION
control field 20250226092334.0
008 - FIXED-LENGTH DATA ELEMENTS--GENERAL INFORMATION
fixed length control field 101013s19uu xx 00 eng d
050 ## - LIBRARY OF CONGRESS CALL NUMBER
Classification number PHS GT 615
Item number .M14 2010
100 ## - MAIN ENTRY--PERSONAL NAME
Personal name McDonald, Samantha Anne R.
245 ## - TITLE STATEMENT
Title The transformation of Western fashion from post-world war II to the present /
Statement of responsibility, etc Samantha Anne R. McDonald.
260 ## - PUBLICATION, DISTRIBUTION, ETC. (IMPRINT)
Place of publication, distribution, etc Las Piñas City, Philippines :
Name of publisher, distributor, etc Southville International School and Colleges,
Date of publication, distribution, etc 2010.
300 ## - PHYSICAL DESCRIPTION
Extent 30 pages :
Other physical details colored illustrations ;
Dimensions 30 cm.
504 ## - BIBLIOGRAPHY, ETC. NOTE
Bibliography, etc Includes bibliographical references.
650 ## - SUBJECT ADDED ENTRY--TOPICAL TERM
Topical term or geographic name as entry element Clothing and dress
General subdivision Social aspects
Form subdivision Western countries.
650 ## - SUBJECT ADDED ENTRY--TOPICAL TERM
Topical term or geographic name as entry element Fashion
General subdivision Western countries
Form subdivision History
Chronological subdivision 20th century.
650 ## - SUBJECT ADDED ENTRY--TOPICAL TERM
Topical term or geographic name as entry element Fashion
General subdivision Western countries
Form subdivision History
Chronological subdivision 21st century.
650 ## - SUBJECT ADDED ENTRY--TOPICAL TERM
Topical term or geographic name as entry element Haute couture
General subdivision History.
942 ## - ADDED ENTRY ELEMENTS (KOHA)
Source of classification or shelving scheme Library of Congress Classification
Koha item type PASS
Holdings
Withdrawn status Lost status Source of classification or shelving scheme Damaged status Home library Current library Shelving location Date acquired Source of acquisition Total Checkouts Full call number Barcode Date last seen Price effective from Koha item type
    Library of Congress Classification   Luxembourg Library Luxembourg Library Portfolio Assessment of SISC Students Section 10/13/2010 Donation   PHS GT 615 .M14 2010 P2532 04/08/2014 04/08/2014 PASS

The transformation of Western fashion from post-world war II to the present /

APA

McDonald S. A. R., . (2010). The transformation of Western fashion from post-world war II to the present. Las Piñas City, Philippines: Southville International School and Colleges.

Chicago

McDonald Samantha Anne R, . 2010. The transformation of Western fashion from post-world war II to the present. Las Piñas City, Philippines: Southville International School and Colleges.

Harvard

McDonald S. A. R., . (2010). The transformation of Western fashion from post-world war II to the present. Las Piñas City, Philippines: Southville International School and Colleges.

MLA

McDonald Samantha Anne R, . The transformation of Western fashion from post-world war II to the present. Las Piñas City, Philippines: Southville International School and Colleges. 2010.

  • Print
  • Cite
  • Add to your cart (remove)
  • Save record
    BIBTEX Dublin Core MARCXML MARC (non-Unicode/MARC-8) MARC (Unicode/UTF-8) MARC (Unicode/UTF-8, Standard) MODS (XML) RIS
  • More searches
    Search for this title in:
    Other Libraries (WorldCat) Other Databases (Google Scholar) Online Stores (Bookfinder.com) Open Library (openlibrary.org)

Exporting to Dublin Core...

SOUTHVILLE LIBRARY

Southville International School and Colleges Library

1281 Tropical Ave. Cor. Luxembourg St., BF Homes International, Las Pinas City

Tel. No. 8256374 / 252358 Loc. 117/146

Powered by Koha